| 000 | 00437nam a2200193Ia 4500 | ||
|---|---|---|---|
| 001 | 14527 | ||
| 003 | GE_BSU | ||
| 008 | 181216s||||||||xx |||||||||||||| ||und|| | ||
| 020 | _a0863073301 | ||
| 040 | _cGE_BSU | ||
| 080 | _a641 | ||
| 245 | _aBarbecues & Summer cooking | ||
| 260 | _aLondon | ||
| 260 | _bMarshal Cavendish Limited | ||
| 260 | _c1984 | ||
| 300 | _a111p.ill.30cm. | ||
| 653 | _aBarbecues & Summer cooking | ||
| 942 | _cBK | ||
| 999 |
_c47658 _d47658 |
||